| 000 | 00846nam a2200229Ia 4500 | ||
|---|---|---|---|
| 003 | OSt | ||
| 005 | 20250421143620.0 | ||
| 008 | 191128s2013 sp gr 000 f spa d | ||
| 040 |
_aCO-JMCR _cCO-JMCR |
||
| 041 | _aspa | ||
| 082 | 0 | 4 |
_aA-N _bOFAi |
| 100 | 1 |
_aO´farrell, Maggie, _eautora _97741 |
|
| 245 | 1 | 0 |
_aInstrucciones para una ola de calor / _cMaggie O´farrell ; tradución Sonia Tapia |
| 260 |
_aBarcelona : _bEdiciones Salamandra, _c2013 |
||
| 300 |
_a30 páginas ; _c19 cm. |
||
| 520 | _aLa nueva novela de la excelente Maggie O´Farrell es mas que un libro: es acontesimiento literario. Evocadora y fluida, se lee con placer. Una autora enplaneta forma | ||
| 534 | _pInstructions fotr a heatwave | ||
| 546 | _aTraducción del Ingles | ||
| 650 | 1 | 4 |
_aNovela _97742 |
| 700 |
_aTapia, Sonia, _etraductora _97743 |
||
| 942 |
_2ddc _cBK |
||
| 999 |
_c4626 _d4626 |
||